000 00776nam a2200217Ia 4500
003 GCL
008 140319s9999 xx 000 0 ara d
040 _aGCL /
_cGCL
082 0 4 _a701.18
_bع ر
100 1 _aعبدالرحيم ابراهيم
245 1 0 _aرؤية مستقبلية فى نقد وتذوق الفنون المصرية /
_cعبدالرحيم ابراهيم
260 _aالقاهرة :
_bمكتبة الانجلوالمصرية
300 _a325 ص ؛
_c22 سم
490 _aدراسات فى النقد والتذوق وتاريخ الفن
_v0
650 0 4 _aالنحت
650 0 4 _aالتكعيبية
650 0 4 _aالفن التجريدى
650 0 4 _aالفن التشكيلى
650 0 4 _aالفن - تاريخ ونقد
942 _2ddc
_cBK
999 _c37787
_d37787